<?xml version="1.0" encoding="UTF-8"?>
<record
    xmlns:xsi="http://www.w3.org/2001/XMLSchema-instance"
    xsi:schemaLocation="http://www.loc.gov/MARC21/slim http://www.loc.gov/standards/marcxml/schema/MARC21slim.xsd"
    xmlns="http://www.loc.gov/MARC21/slim">

  <leader>01317    a2200193   4500</leader>
  <controlfield tag="001">53396</controlfield>
  <controlfield tag="005">20260407155809.0</controlfield>
  <controlfield tag="008">260407a1970    arg                 spa d</controlfield>
  <controlfield tag="003">AR-UNSa-BCEJYS</controlfield>
  <datafield tag="040" ind1=" " ind2=" ">
    <subfield code="a">AR-UNSa-BCEJYS</subfield>
    <subfield code="b">spa</subfield>
    <subfield code="c">AR-UNSa-BCEJYS</subfield>
  </datafield>
  <datafield tag="080" ind1=" " ind2=" ">
    <subfield code="a">338.2</subfield>
    <subfield code="x">Pol&#xED;tica econ&#xF3;mica. Control de la econom&#xED;a. Gesti&#xF3;n de la econom&#xED;a. Planificaci&#xF3;n econ&#xF3;mica</subfield>
  </datafield>
  <datafield tag="245" ind1="1" ind2="0">
    <subfield code="a">Capitalismo, socialismo de mercado y planificaci&#xF3;n central</subfield>
    <subfield code="p">Estudios de econom&#xED;a comparada</subfield>
  </datafield>
  <datafield tag="264" ind1=" " ind2="1">
    <subfield code="a">Barcelona :</subfield>
    <subfield code="b">Gustavo Gili</subfield>
    <subfield code="c">1970</subfield>
  </datafield>
  <datafield tag="300" ind1=" " ind2=" ">
    <subfield code="a">462 p.</subfield>
    <subfield code="c">21 cm.</subfield>
  </datafield>
  <datafield tag="505" ind1=" " ind2=" ">
    <subfield code="a">1. Introducci&#xF3;n - 2. Asignaci&#xF3;n de recursos:El capitalismo - 3. Asignaci&#xF3;n de recursos:Socialismo de mercado - 4. Asignaci&#xF3;n de recursos:Planificaci&#xF3;n central - 5. La planificaci&#xF3;n y el mecanismo del precio- 6. La inversi&#xF3;n y la tasa de inter&#xE9;s - 7. Distribuci&#xF3;n de la renta: Capitalismo - 8. Distribuci&#xF3;n de la renta: Socialismo de mercado y planificaci&#xF3;n central - 9. Sistemas agr&#xED;colas - 10. El dinero y la planificaci&#xF3;n finnaciera en la econom&#xED;a socialista - 11. La planificaci&#xF3;n y el comercio internacional - 12. Sistemas alternativos y desarrollo econ&#xF3;mico - 13. Organizaci&#xF3;n y direcci&#xF3;n - 14. La planificaci&#xF3;n en una econom&#xED;a mixta</subfield>
  </datafield>
  <datafield tag="942" ind1=" " ind2=" ">
    <subfield code="c">BK</subfield>
  </datafield>
  <datafield tag="590" ind1=" " ind2=" ">
    <subfield code="a">niveau_biblio:m niveau_hierar:0</subfield>
  </datafield>
  <datafield tag="100" ind1="1" ind2=" ">
    <subfield code="a">Leeman, Wayne A.</subfield>
  </datafield>
  <datafield tag="999" ind1=" " ind2=" ">
    <subfield code="c">5239</subfield>
    <subfield code="d">5239</subfield>
  </datafield>
  <datafield tag="952" ind1=" " ind2=" ">
    <subfield code="0">0</subfield>
    <subfield code="1">0</subfield>
    <subfield code="4">0</subfield>
    <subfield code="7">0</subfield>
    <subfield code="a">BCEJYS</subfield>
    <subfield code="b">BCEJYS</subfield>
    <subfield code="c">16</subfield>
    <subfield code="d">2026-04-07</subfield>
    <subfield code="l">0</subfield>
    <subfield code="o">338.2 L477</subfield>
    <subfield code="p">L23445</subfield>
    <subfield code="r">2026-04-07 15:58:09</subfield>
    <subfield code="w">2026-04-07</subfield>
    <subfield code="y">L</subfield>
  </datafield>
</record>
